Buffy Characters by Episodes - Statistics

General Stats
  • This quiz has been taken 889 times
    823 since last reset
  • The average score is 27 of 39
Answer Stats
Hint Answer % Correct
144 Episodes (S1-7) Buffy Summers
100%
97 Episodes (S2-7) Spike
99%
144 Episodes (S1-7) Willow Rosenberg
99%
59 Episodes (S1-5,7) Angel/Angelus
98%
123 Episodes (S1-7) Rupert Giles
98%
143 Episodes (S1-7) Xander Harris
98%
66 Episodes (S5-7) Dawn Summers
96%
20 Episodes (S3-4,7) Faith
94%
47 Episodes (S4-6) Tara Maclay
94%
58 Episodes (S1-3) Cordelia Chase
93%
58 Episodes (S1-7) Joyce Summers
93%
31 Episodes (S4-6) Riley Finn
92%
85 Episodes (S3-7) Anya
91%
17 Episodes (S2,5,7) Drusilla
90%
40 Episodes (S2-4) Oz
85%
13 Episodes (S5) Glory
81%
9 Episodes (S1,3,7) The Master
79%
16 Episodes (S1-5) Harmony Kendall
76%
27 Episodes (S6-7) Andrew Wells
75%
29 Episodes (S2-4,6-7) Jonathan Levinson
75%
16 Episodes (S6-7) Warren Meers
72%
9 Episodes (S4,7) Adam
71%
14 Episodes (S1-3) Jenny Calendar
69%
13 Episodes (S7) Kennedy
64%
9 Episodes (S3) Wesley Wyndam-Pryce
63%
19 Episodes (S1-4) Principal Snyder
62%
14 Episodes (S5) Ben
58%
8 Episodes (S1-3,6-7) Amy Madison
55%
9 Episodes (S4) Maggie Walsh
54%
15 Episodes (S3-4,7) Mayor Wilkins
52%
8 Episodes (S6-7) Clem
46%
12 Episodes (S4) Forrest Gates
39%
14 Episodes (S7) Principal Wood
39%
10 Episodes (S7) Amanda
29%
13 Episodes (S4-5) Graham Miller
29%
8 Episodes (S7) Rona
26%
8 Episodes (S7) Vi
24%
7 Episodes (S5-7) Halfrek
22%
8 Episodes (S2-4) Devon MacLeish
17%
No matching quizzes found
Score Distribution
Percent of People with Each Score
Percentile by Number Answered
Your Score History
You have not taken this quiz since the last reset